20 Najwyższych budynków w Europie - Statystyki

Ogólne statystyki
  • Ten quiz został rozwiązany 5 razy
  • Średni wynik to 12 z 20
Statystyki odpowiedzi
# Nazwa Państwo Wysokość (m) L. Kondygnacji % Poprawnych
12 Commerzbank Tower Niemcy 300 65
80%
7 Varso Polska 310 53
80%
8 The Shard Wielka Brytania 309,6 72
80%
1 Łachta Centr Rosja 462 86
60%
2 Wieża Federacji (Wierza wschód) Rosja 374,7 95
60%
3 OKO (wierzą południowa) Rosja 354 85
60%
4 Neva Towers 1 Rosja 345 79
60%
5 Mercury City Tower Rosja 338,8 75
60%
6 Renaissance M___ Tower Rosja 337 65
60%
9 Newrazija Rosja 309 72
60%
10 Neva Towers 2 Rosja 302 68
60%
11 Miasto Stolic (Wierza M___) Rosja 302 77
60%
13 Capital Towers (City Tower) Rosja 295 67
60%
14 Capital Towers (Park Tower) Rosja 295 67
60%
15 Capital Towers (River Tower) Rosja 295 67
60%
17 Basznia na Babierieżnoj Rosja 268,4 59
60%
18 Pałac Triumfu Rosja 264 57
60%
20 Miasto Stolic (Wierza P____) Rosja 256,9 65
60%
16 Sky I____ Turcja 284 65
20%
19 Sapphire of I____ Turcja 261 54
20%
Nie znaleziono quizów pasujących do podanych kryteriów
Rozkład punktacji
Procent ludzi z każdym wynikiem
Percentyl według liczby udzielonych odpowiedzi
Twoja historia wyników
Nie rozwiązałeś tego quizu